000 00727nam a2200217Ia 4500
003 GCL
008 140319s9999 xx 000 0 ara d
040 _aGCL /
_cGCL
082 0 4 _a191
_bك د
100 1 _aكامل حمود
245 1 0 _aدراسات فى تاريخ الفلسفة العربية /
_cكامل حمود
250 _aالاولى
260 _aبيروت :
_bدار الفكر اللبنانى ،
_c1991
300 _a398 ص ؛
_c24 سم
650 0 4 _aالفلسفة
650 0 4 _aالحركات الفكرية عند المسلمين
650 0 4 _aالفلسفة العربية
650 0 4 _aالفلسفة الاسلامية - تاريخ
650 0 4 _aالفلسفة - تاريخ
942 _2ddc
_cBK
999 _c4945
_d4945